00630nam a2200193Ia 4500008004100000020001500041082001200056100005200068245002800120250000800148260004100156300002500197500001900222600003300241650001200274942000700286952012800293999001500421240925s9999 xx 000 0 und d a9971511533 a530 HAL aHalliday, David; Resnick, Robert; Walker, Jearl 0aFundamentals of Physics a4th aNew York:bJohn Wiley & Sonsc,1994. a1991p.bNAfOriginal aIncludes Index aHumanities & Natural Science aPhysics cBK 001040708HUMaUITUbUITUd1995-03-20eAlhamra Publishingg370.00l0o530 HALpQ0239r2024-09-25 07:12:01w2024-09-25yBK c2738d2738